[Event "Gibraltar Challengers op-A"]
[Site "Caleta"]
[Date "2020.01.20"]
[Round "1"]
[White "Brown, David"]
[Black "Lipecki, Alexander"]
[Result "0-1"]
[WhiteElo "1916"]
[BlackElo "2152"]
[PlyCount "116"]
[EventDate "2020.01.20"]
[EventType "swiss"]
[EventRounds "5"]
[EventCountry "GGB"]
[SourceTitle "CBM 194 Extra"]
[Source "ChessBase"]
[SourceDate "2020.03.31"]
[SourceVersion "1"]
[SourceVersionDate "2020.03.31"]
[SourceQuality "1"]

1. e4 e6 2. d4 d5 3. Nc3 Nf6 4. exd5 exd5 5. Bd3 Bd6 6. Nce2 Bg4 7. c3 c6 8. Qc2 Qe7 9. Bg5 Nbd7 10. 0-0-0 0-0-0 11. f3 Bh5 12. Ng3 Bg6 13. Nf5 Bxf5 14. Bxf5 h6 15. Bh4 Rhe8 16. Bg3 g6 17. Bxd6 Qxd6 18. Bd3 Re3 19. Qd2 Ree8 20. Nh3 h5 21. Qf4 Qxf4+ 22. Nxf4 Nf8 23. Rhe1 Kd7 24. Kd2 Kd6 25. Bc2 Rxe1 26. Rxe1 Re8 27. Re3 N8d7 28. Nd3 a5 29. Rxe8 Nxe8 30. Ke3 Ng7 31. Nf4 b5 32. Nh3 Nb6 33. b3 b4 34. cxb4 axb4 35. Ng5 Ke7 36. Bd3 f6 37. Nh3 g5 38. f4 g4 39. Ng1 Nc8 40. f5 Kd6 41. Ne2 Ne7 42. Kf4 c5 43. Bb1 c4 44. Bc2 Nc6 45. Ke3 Na7 46. Kd2 Nb5 47. bxc4 dxc4 48. Be4 h4 49. Ke3 Nh5 50. Ba8 Nc7 51. Be4 Nd5+ 52. Kd2 Nhf4 53. Nxf4 Nxf4 54. Ba8 Nd5 55. Bb7 Nc7 56. Be4 Nb5 57. Kc2 Nxd4+ 58. Kd2 Ke5 0-1

[Event "Gibraltar Challengers op-A"]
[Site "Caleta"]
[Date "2019.01.25"]
[Round "5"]
[White "Saber, Yasser"]
[Black "Brown, David"]
[Result "1-0"]
[WhiteElo "2201"]
[BlackElo "1931"]
[PlyCount "105"]
[EventDate "2019.01.21"]
[EventType "swiss"]
[EventRounds "5"]
[EventCountry "GGB"]
[SourceTitle "CBM 188 Extra"]
[Source "ChessBase"]
[SourceDate "2019.02.28"]
[SourceVersion "1"]
[SourceVersionDate "2019.02.28"]
[SourceQuality "1"]

1. d4 Nf6 2. c4 e6 3. Nc3 d5 4. Bg5 Be7 5. e3 0-0 6. Qc2 Nbd7 7. cxd5 exd5 8. Bd3 h6 9. Bh4 Re8 10. Nge2 Nf8 11. 0-0 c6 12. f3 Ne6 13. Rae1 b6 14. Kh1 Bb7 15. Bf5 Nd7 16. Bf2 Ndf8 17. Ng3 Bf6 18. Bd3 g6 19. f4 Ng7 20. Nce2 h5 21. Ng1 h4 22. N3e2 Rc8 23. Nf3 Rc7 24. Ne5 Bxe5 25. fxe5 c5 26. Nc3 c4 27. Be2 Bc6 28. e4 h3 29. Bf3 hxg2+ 30. Bxg2 dxe4 31. Nxe4 Bxe4 32. Qxe4 Nf5 33. Bh3 Ne7 34. Qf4 Nd5 35. Qh6 f5 36. exf6 Rxe1 37. Rxe1 Qxf6 38. Qh4 Qxh4 39. Bxh4 Rh7 40. Bg2 Nf4 41. Bg3 Nxg2 42. Kxg2 Rd7 43. Rd1 Kf7 44. d5 Kf6 45. Kf3 Ne6 46. Ke4 Ng5+ 47. Kd4 b5 48. Bh4 Kf5 49. Bxg5 Kxg5 50. Kc5 a6 51. d6 Kf5 52. Kc6 Rh7 53. d7 1-0

[Event "Gibraltar Challengers-A"]
[Site "Caleta"]
[Date "2018.01.25"]
[Round "4"]
[White "Brown, David"]
[Black "Maric, Boris"]
[Result "0-1"]
[WhiteElo "1953"]
[BlackElo "2034"]
[PlyCount "86"]
[EventDate "2018.01.22"]
[EventType "swiss"]
[EventRounds "5"]
[EventCountry "GGB"]
[SourceTitle "EXT 2019"]
[Source "ChessBase"]
[SourceDate "2018.10.10"]
[SourceVersion "1"]
[SourceVersionDate "2018.10.10"]
[SourceQuality "1"]

1. e4 c5 2. Nf3 d6 3. Nc3 Nf6 4. d4 cxd4 5. Nxd4 a6 6. g3 e5 7. Nb3 Be7 8. Bg2 0-0 9. 0-0 Nbd7 10. a4 b6 11. h3 Bb7 12. Be3 Rc8 13. Qe2 Qc7 14. g4 Qc4 15. Qd3 d5 16. exd5 Qxd3 17. cxd3 Bb4 18. Na2 Bd6 19. Nc3 Bb4 20. Na2 a5 21. Nxb4 axb4 22. a5 Bxd5 23. Bxd5 Nxd5 24. axb6 Nxe3 25. fxe3 Nxb6 26. Ra5 Rfd8 27. Rxe5 Rxd3 28. Nd4 Nc4 29. Rc1 Rd1+ 30. Rxd1 Nxe5 31. Kf2 Kf8 32. Kg3 Re8 33. Nf5 g6 34. Nd6 Rd8 35. Rd4 Nc6 36. Nb7 Rxd4 37. exd4 Nxd4 38. Nc5 Ke7 39. Kf4 Ne6+ 40. Nxe6 Kxe6 41. b3 f5 42. gxf5+ gxf5 43. h4 h6 0-1

[Event "BCF-chT3Sc 1516 (4NCL)"]
[Site "England"]
[Date "2016.05.01"]
[Round "10.89"]
[White "Brown, David"]
[Black "Millward, Kevin P"]
[Result "1/2-1/2"]
[WhiteElo "1951"]
[BlackElo "1988"]
[PlyCount "106"]
[EventDate "2016.03.20"]
[EventType "team-swiss"]
[EventRounds "11"]
[EventCountry "ENG"]
[SourceTitle "EXT 2017"]
[Source "ChessBase"]
[SourceDate "2016.10.25"]
[SourceVersion "1"]
[SourceVersionDate "2016.10.25"]
[SourceQuality "1"]
[WhiteTeam "Anglian Avengers II"]
[BlackTeam "Fermented Sharks"]
[WhiteTeamCountry "ENG"]
[BlackTeamCountry "ENG"]

1. e4 g6 2. d4 Bg7 3. Nf3 d6 4. c3 Nf6 5. Bd3 c5 6. dxc5 dxc5 7. 0-0 0-0 8. Qe2 Qc7 9. Na3 a6 10. h3 Nc6 11. Re1 Nd7 12. Nc4 b5 13. Ne3 e6 14. Bd2 Nde5 15. Nxe5 Nxe5 16. Bc2 Bb7 17. f4 Nd7 18. e5 f6 19. exf6 Nxf6 20. Ng4 Rae8 21. Nxf6+ Rxf6 22. Be4 Rf7 23. Bxb7 Qxb7 24. Qe4 e5 25. Qxb7 Rxb7 26. fxe5 Rbe7 27. Bf4 Bxe5 28. Bxe5 Rxe5 29. Rxe5 Rxe5 30. Kf2 Kf7 31. Rd1 Ke6 32. Rd3 a5 33. a3 Rd5 34. Re3+ Kd6 35. Ke2 Rg5 36. Rd3+ Ke5 37. Kf3 Rf5+ 38. Ke2 Rg5 39. Kf3 Rf5+ 40. Ke2 Ke6 41. Rd8 Re5+ 42. Kf2 Rd5 43. Re8+ Kd7 44. Re2 a4 45. Kf3 Kd6 46. Ke3 Rf5 47. Rd2+ Kc6 48. Ke4 Rf1 49. Ke5 Rf8 50. Ke6 Re8+ 51. Kf7 Re5 52. Kf6 Re4 53. Kg5 b4 1/2-1/2

[Event "BCF-chT3Sc 1516 (4NCL)"]
[Site "England"]
[Date "2016.04.30"]
[Round "9.89"]
[White "Adaway, William"]
[Black "Brown, David"]
[Result "1/2-1/2"]
[WhiteElo "1977"]
[BlackElo "1951"]
[PlyCount "43"]
[EventDate "2016.03.20"]
[EventType "team-swiss"]
[EventRounds "11"]
[EventCountry "ENG"]
[SourceTitle "EXT 2017"]
[Source "ChessBase"]
[SourceDate "2016.10.25"]
[SourceVersion "1"]
[SourceVersionDate "2016.10.25"]
[SourceQuality "1"]
[WhiteTeam "Wessex"]
[BlackTeam "Anglian Avengers II"]
[WhiteTeamCountry "ENG"]
[BlackTeamCountry "ENG"]

1. e4 e5 2. Nc3 Nf6 3. g3 Nc6 4. Nf3 Bc5 5. Bg2 0-0 6. 0-0 Re8 7. d3 a6 8. Bg5 h6 9. Be3 Ba7 10. Nh4 d6 11. h3 Nh7 12. Nd5 Ne7 13. Nxe7+ Qxe7 14. Nf5 Bxf5 15. exf5 c6 16. Bxa7 Rxa7 17. Qd2 Raa8 18. Rae1 Qf6 19. Qb4 Re7 20. f4 Rae8 21. fxe5 dxe5 22. Kh2 1/2-1/2

[Event "ENG-ch Seniors"]
[Site "London"]
[Date "2016.04.07"]
[Round "4.10"]
[White "Brown, David"]
[Black "Scowen, Roger S"]
[Result "1/2-1/2"]
[WhiteElo "1951"]
[BlackElo "1861"]
[PlyCount "86"]
[EventDate "2016.04.04"]
[EventType "swiss"]
[EventRounds "5"]
[EventCountry "ENG"]
[SourceTitle "EXT 2023"]
[Source "ChessBase"]
[SourceDate "2022.10.05"]
[SourceVersion "1"]
[SourceVersionDate "2022.10.05"]
[SourceQuality "1"]

1. e4 c6 2. d4 d5 3. Nc3 dxe4 4. Nxe4 Bf5 5. Ng3 Bg6 6. Nf3 Nf6 7. Bc4 e6 8. 0-0 Be7 9. Re1 0-0 10. Bb3 Nbd7 11. Bd2 c5 12. c3 Rc8 13. Ne5 cxd4 14. Nxg6 hxg6 15. cxd4 Nb6 16. Bc3 Nbd5 17. Rc1 Nxc3 18. bxc3 Qa5 19. Qf3 Ba3 20. Rc2 Rfd8 21. Re5 Qc7 22. Ne4 Bd6 23. Nxd6 Rxd6 24. Kf1 Qc6 25. Qxc6 Rcxc6 26. h3 Nd7 27. Re4 Nb6 28. c4 f5 29. Rf4 g5 30. Rxf5 Rxd4 31. Rxg5 Nxc4 32. Ke2 Kf7 33. Rg3 Na5 34. Rxc6 Nxc6 35. Rd3 Rb4 36. Kd2 Na5 37. Kc3 Rb6 38. Ba4 Kf6 39. Rf3+ Ke7 40. Rg3 Kf6 41. Be8 Nc6 42. Rg6+ Ke7 43. Bxc6 Rxc6+ 1/2-1/2

[Event "ENG-ch Seniors"]
[Site "London"]
[Date "2016.04.05"]
[Round "2"]
[White "Fenwick, Hugh"]
[Black "Brown, David"]
[Result "1-0"]
[WhiteElo "1904"]
[BlackElo "1951"]
[PlyCount "99"]
[EventDate "2016.04.04"]
[EventType "swiss"]
[EventRounds "5"]
[EventCountry "ENG"]
[SourceTitle "EXT 2019"]
[Source "ChessBase"]
[SourceDate "2018.10.10"]
[SourceVersion "1"]
[SourceVersionDate "2018.10.10"]
[SourceQuality "1"]

1. c4 Nf6 2. g3 g6 3. Bg2 Bg7 4. Nc3 d6 5. d3 c5 6. e4 Nc6 7. Nge2 0-0 8. 0-0 a6 9. Rb1 Rb8 10. Nd5 Nxd5 11. exd5 Nd4 12. Nxd4 Bxd4 13. b4 cxb4 14. Rxb4 Bd7 15. Bh6 Re8 16. Qb1 b6 17. Qd1 a5 18. Rb1 b5 19. Be3 Bg7 20. Qd2 b4 21. d4 Bf5 22. Rb3 e6 23. Rc1 Rc8 24. a3 bxa3 25. Rxa3 Ra8 26. dxe6 Ra6 27. exf7+ Kxf7 28. Rca1 Qc7 29. Rxa5 Rxa5 30. Rxa5 Rb8 31. Bd5+ Be6 32. Qa2 Bxd5 33. Rxd5 Qe7 34. c5 Kf8 35. Rxd6 Qe4 36. Rb6 Re8 37. Qb1 Bxd4 38. Qxe4 Rxe4 39. Rb4 Bxe3 40. Rxe4 Bxc5 41. Rc4 Bd6 42. g4 Kf7 43. Kg2 g5 44. h3 Be5 45. Rc6 Bf4 46. Kf3 Kg7 47. Ke4 Bd2 48. Kf5 Bf4 49. Rc4 Bd2 50. Rc7+ 1-0

[Event "ENG-ch Seniors"]
[Site "London"]
[Date "2016.04.04"]
[Round "1.10"]
[White "Brown, David"]
[Black "Dickson, George A"]
[Result "1/2-1/2"]
[WhiteElo "1951"]
[BlackElo "2009"]
[PlyCount "89"]
[EventDate "2016.04.04"]
[EventType "swiss"]
[EventRounds "5"]
[EventCountry "ENG"]
[SourceTitle "EXT 2023"]
[Source "ChessBase"]
[SourceDate "2022.10.05"]
[SourceVersion "1"]
[SourceVersionDate "2022.10.05"]
[SourceQuality "1"]

1. e4 e5 2. Nf3 Nc6 3. Bb5 a6 4. Ba4 Nf6 5. 0-0 b5 6. Bb3 Bc5 7. Nxe5 Nxe5 8. d4 Bxd4 9. Qxd4 d6 10. Qd1 c5 11. Bd5 Nxd5 12. exd5 0-0 13. Nd2 Bf5 14. h3 Qh4 15. Nf3 Nxf3+ 16. Qxf3 Bxc2 17. Bf4 Rfe8 18. Rfe1 Qf6 19. Qg3 Qxb2 20. Bxd6 Be4 21. Qe3 Qd4 22. Bxc5 Qxe3 23. Bxe3 Bxd5 24. a3 Re6 25. Re2 f5 26. Rd2 Bc6 27. Rad1 Kf7 28. Bc5 Rae8 29. Kf1 Rg6 30. f3 Rge6 31. Rc1 g6 32. Kf2 g5 33. g3 h5 34. h4 g4 35. f4 Re4 36. Bd4 Rd8 37. Rxc6 Rdxd4 38. Rxd4 Rxd4 39. Rxa6 Rd3 40. Rb6 Rf3+ 41. Kg2 Rb3 42. Kf2 Rf3+ 43. Kg2 Rxa3 44. Rxb5 Ra2+ 45. Kg1 1/2-1/2

[Event "BCF-chT3 1415 (4NCL)"]
[Site "England"]
[Date "2015.03.21"]
[Round "8.99"]
[White "Brown, David"]
[Black "Taylor, Robert Keith"]
[Result "1-0"]
[WhiteElo "1967"]
[BlackElo "1964"]
[PlyCount "69"]
[EventDate "2015.03.21"]
[EventType "team-swiss"]
[EventRounds "11"]
[EventCountry "ENG"]
[SourceTitle "EXT 2016"]
[Source "ChessBase"]
[SourceDate "2015.10.08"]
[SourceVersion "1"]
[SourceVersionDate "2015.10.08"]
[SourceQuality "1"]
[WhiteTeam "Anglian Avengers III"]
[BlackTeam "Manchester Manticores II"]
[WhiteTeamCountry "ENG"]
[BlackTeamCountry "ENG"]

1. e4 c5 2. Nf3 d6 3. d4 Nf6 4. Nc3 Qa5 5. Bd3 cxd4 6. Nxd4 Bd7 7. 0-0 g6 8. Nb3 Qd8 9. Qe2 Bg7 10. f3 Nc6 11. Be3 Ne5 12. Qf2 Nxd3 13. cxd3 Qb8 14. Rfc1 e5 15. d4 0-0 16. dxe5 dxe5 17. Nc5 Bc6 18. b4 b6 19. Na6 Qb7 20. b5 Rfc8 21. a4 Be8 22. Qa2 Bf8 23. Rc2 h6 24. Rac1 Qe7 25. Nd5 Nxd5 26. Qxd5 Qa3 27. Rxc8 Qxe3+ 28. Kf1 Rxc8 29. Rxc8 Qa3 30. Rxe8 Qxa4 31. Qxe5 Qd1+ 32. Kf2 Qd2+ 33. Kg3 g5 34. h3 Qd7 35. Qb8 1-0

[Event "BCF-chT3 1415 (4NCL)"]
[Site "England"]
[Date "2015.03.21"]
[Round "7.39"]
[White "Willetts, Stephen J"]
[Black "Brown, David"]
[Result "0-1"]
[WhiteElo "2030"]
[BlackElo "1967"]
[PlyCount "48"]
[EventDate "2015.03.21"]
[EventType "team-swiss"]
[EventRounds "11"]
[EventCountry "ENG"]
[SourceTitle "EXT 2016"]
[Source "ChessBase"]
[SourceDate "2015.10.08"]
[SourceVersion "1"]
[SourceVersionDate "2015.10.08"]
[SourceQuality "1"]
[WhiteTeam "Banbury Bulldogs"]
[BlackTeam "Anglian Avengers III"]
[WhiteTeamCountry "ENG"]
[BlackTeamCountry "ENG"]

1. d4 d5 2. c4 e6 3. Nc3 Nf6 4. Bg5 Be7 5. Nf3 0-0 6. e3 Ne4 7. Nxe4 dxe4 8. Bxe7 Qxe7 9. Nd2 e5 10. d5 f5 11. Qb3 Kh8 12. g4 Na6 13. Qc3 Nc5 14. gxf5 Bxf5 15. b4 Nd3+ 16. Bxd3 exd3 17. e4 Bg4 18. Qxd3 Qxb4 19. Qg3 Rf4 20. Qe3 Rf3 21. Qg5 Qc3 22. Rb1 Rf4 23. f3 Bxf3 24. 0-0 Rg4+ 0-1

[Event "Gibraltar Challengers-A 13th"]
[Site "Caleta"]
[Date "2015.01.28"]
[Round "3"]
[White "Mulleady, Peter J"]
[Black "Brown, David"]
[Result "1-0"]
[WhiteElo "1908"]
[BlackElo "1967"]
[PlyCount "95"]
[EventDate "2015.01.26"]
[EventType "swiss"]
[EventRounds "5"]
[EventCountry "GGB"]
[SourceTitle "CBM 164 Extra"]
[Source "ChessBase"]
[SourceDate "2015.03.02"]
[SourceVersion "1"]
[SourceVersionDate "2015.03.02"]
[SourceQuality "1"]

1. d4 d5 2. Bf4 Nf6 3. Nf3 c6 4. c3 Bf5 5. h3 h6 6. e3 Nbd7 7. Be2 e6 8. 0-0 Be7 9. Nbd2 0-0 10. Ne5 Nxe5 11. Bxe5 Bh7 12. Bh2 Bd6 13. Bxd6 Qxd6 14. f4 Ne4 15. Bd3 Nxd2 16. Bxh7+ Kxh7 17. Qxd2 Qe7 18. Rf3 f5 19. Kh2 Rf7 20. Rg1 h5 21. g4 hxg4 22. hxg4 Rh8 23. Rh3+ Kg8 24. Qg2 Rh4 25. gxf5 exf5 26. Qg3 Rxh3+ 27. Qxh3 Rf6 28. Qf3 Qf7 29. Rg3 Qe6 30. Qg2 Rh6+ 31. Kg1 Rh7 32. Kf2 Kf7 33. Ke2 g6 34. Rh3 Rxh3 35. Qxh3 Kg7 36. Qg2 Qe4 37. Qxe4 fxe4 38. Kf2 Kf6 39. Kg3 Kf5 40. Kh4 Kf6 41. Kg4 Kg7 42. Kg5 Kf7 43. b3 b5 44. f5 c5 45. fxg6+ Kg7 46. dxc5 b4 47. c6 bxc3 48. c7 1-0

[Event "Gibraltar Challengers-A 13th"]
[Site "Caleta"]
[Date "2015.01.27"]
[Round "2"]
[White "Brown, David"]
[Black "Balogun, Oluwafemi Daniel"]
[Result "0-1"]
[WhiteElo "1967"]
[BlackElo "2193"]
[PlyCount "84"]
[EventDate "2015.01.26"]
[EventType "swiss"]
[EventRounds "5"]
[EventCountry "GGB"]
[SourceTitle "CBM 164 Extra"]
[Source "ChessBase"]
[SourceDate "2015.03.02"]
[SourceVersion "1"]
[SourceVersionDate "2015.03.02"]
[SourceQuality "1"]

1. e4 d6 2. d4 Nf6 3. Nc3 g6 4. Nf3 Bg7 5. Be2 0-0 6. 0-0 a6 7. Re1 Nc6 8. h3 e5 9. dxe5 dxe5 10. Qxd8 Rxd8 11. Bg5 Be6 12. Bh4 h6 13. Bg3 Nh5 14. Bh2 Nf4 15. Bf1 b5 16. Ne2 g5 17. a4 Nb4 18. Bxf4 gxf4 19. Rec1 Na2 20. Rcb1 bxa4 21. b3 axb3 22. cxb3 Nb4 23. Nc3 Rab8 24. Ra5 f6 25. Na4 Bf8 26. Nc5 Bxc5 27. Rxc5 c6 28. Nh4 Rb6 29. Nf5 Bxf5 30. exf5 Kf8 31. Bc4 Ke7 32. Ra5 Rd2 33. Rba1 Kd6 34. Bxa6 Nxa6 35. Rxa6 Rxa6 36. Rxa6 Rd1+ 37. Kh2 Rb1 38. Rb6 e4 39. g4 e3 40. fxe3 fxe3 41. Rb8 e2 42. Rd8+ Ke7 0-1

[Event "BCF-chT3S 1415 (4NCL)"]
[Site "England"]
[Date "2014.11.15"]
[Round "2.99"]
[White "Paul, Nathanael"]
[Black "Brown, David"]
[Result "1/2-1/2"]
[WhiteElo "1902"]
[BlackElo "1967"]
[PlyCount "77"]
[EventDate "2014.11.15"]
[EventType "team-swiss"]
[EventRounds "6"]
[EventCountry "ENG"]
[SourceTitle "CBM 163 Extra"]
[Source "ChessBase"]
[SourceDate "2014.12.23"]
[SourceVersion "1"]
[SourceVersionDate "2014.12.23"]
[SourceQuality "1"]
[WhiteTeam "Shropshire"]
[BlackTeam "Anglian Avengers III"]
[WhiteTeamCountry "ENG"]
[BlackTeamCountry "ENG"]

1. e4 e5 2. Nf3 Nc6 3. Bb5 Nge7 4. 0-0 g6 5. c3 d6 6. Re1 Bg7 7. d4 0-0 8. dxe5 Nxe5 9. Nxe5 dxe5 10. Be3 Qxd1 11. Rxd1 Be6 12. Nd2 Rfd8 13. Bc4 Bxc4 14. Nxc4 Kf8 15. a4 Rxd1+ 16. Rxd1 Ke8 17. Kf1 a6 18. a5 Rd8 19. Rxd8+ Kxd8 20. Ke2 Kd7 21. b4 Nc6 22. Nd2 Nd8 23. Nb3 Ne6 24. g3 Kc6 25. Kd3 f6 26. Kc4 Bf8 27. h4 Bd6 28. Nd2 Bf8 29. Nf3 h5 30. Ne1 Nd8 31. Nd3 Nf7 32. f3 b6 33. axb6 cxb6 34. Kb3 Nd8 35. Nb2 b5 36. Nd3 Ne6 37. g4 Bd6 38. gxh5 gxh5 39. Bf2 1/2-1/2

[Event "Gibraltar Challengers-B 12th"]
[Site "Caleta"]
[Date "2014.02.04"]
[Round "4"]
[White "Brown, David"]
[Black "Kozarcanin, Sead"]
[Result "1/2-1/2"]
[WhiteElo "1967"]
[BlackElo "2073"]
[PlyCount "107"]
[EventDate "2014.02.01"]
[EventType "swiss"]
[EventRounds "5"]
[EventCountry "GGB"]
[SourceTitle "CBM 158 Extra"]
[Source "ChessBase"]
[SourceDate "2014.02.28"]
[SourceVersion "1"]
[SourceVersionDate "2014.02.28"]
[SourceQuality "1"]

1. e4 e5 2. Nf3 Nc6 3. Bc4 Bc5 4. d3 d6 5. Nc3 Nf6 6. h3 0-0 7. Bg5 h6 8. Be3 Bxe3 9. fxe3 Ne7 10. 0-0 Ng6 11. Qe1 c6 12. Bb3 d5 13. Nh4 Nxh4 14. Qxh4 dxe4 15. Nxe4 Nd5 16. Qxd8 Rxd8 17. Ng3 Be6 18. Rf3 Nc7 19. Bxe6 Nxe6 20. Raf1 Rd7 21. Ne4 Rad8 22. a4 f6 23. Kf2 Rd5 24. Nc3 R5d7 25. Ne4 b6 26. Ke2 c5 27. b3 Nc7 28. g4 Ne6 29. h4 Rf8 30. R1f2 Rdd8 31. Kf1 Kh7 32. g5 fxg5 33. Rxf8 Rxf8 34. Rxf8 Nxf8 35. hxg5 h5 36. Kg2 g6 37. Kg3 Kg7 38. Nd6 Nd7 39. Kf3 Kf8 40. Ke4 Ke7 41. Nc8+ Ke6 42. Nxa7 Nf8 43. Nc6 Nd7 44. Nd8+ Ke7 45. Nc6+ Kd6 46. Nd8 Ke7 47. Nc6+ Ke6 48. Nd8+ Kd6 49. Nf7+ Ke6 50. Nd8+ Ke7 51. Nc6+ Kd6 52. Nd8 Ke7 53. Nc6+ Ke6 54. Nd8+ 1/2-1/2

[Event "BCF-chT3S 1314 (4NCL)"]
[Site "England"]
[Date "2014.01.12"]
[Round "4.147"]
[White "Adams, Mark"]
[Black "Brown, David"]
[Result "1/2-1/2"]
[WhiteElo "1983"]
[BlackElo "1967"]
[PlyCount "40"]
[EventDate "2013.11.16"]
[EventType "team-swiss"]
[EventRounds "6"]
[EventCountry "ENG"]
[SourceTitle "EXT 2015"]
[Source "ChessBase"]
[SourceDate "2014.11.20"]
[SourceVersion "1"]
[SourceVersionDate "2014.11.20"]
[SourceQuality "1"]
[WhiteTeam "The Full Ponty"]
[BlackTeam "Anglian Avengers III"]
[WhiteTeamCountry "ENG"]
[BlackTeamCountry "ENG"]

1. e4 e5 2. Nf3 Nc6 3. Bb5 g6 4. c3 Bg7 5. d4 Qe7 6. d5 Nd8 7. b3 a6 8. Ba3 Qf6 9. Bd3 d6 10. h3 Ne7 11. Bc1 h6 12. Be3 0-0 13. Qd2 g5 14. Na3 Ng6 15. 0-0-0 Nf4 16. Ne1 Nxd3+ 17. Nxd3 Qg6 18. f3 f5 19. Rhe1 Nf7 20. Bg1 Bf6 1/2-1/2

[Event "Gibraltar Challengers-A 11th"]
[Site "Caleta"]
[Date "2013.01.25"]
[Round "5"]
[White "Brown, David"]
[Black "Gieritz, Dietmar"]
[Result "1-0"]
[WhiteElo "1967"]
[BlackElo "2112"]
[PlyCount "61"]
[EventDate "2013.01.21"]
[EventType "swiss"]
[EventRounds "5"]
[EventCountry "GGB"]
[SourceTitle "EXT 2014"]
[Source "ChessBase"]
[SourceDate "2013.11.20"]
[SourceVersion "1"]
[SourceVersionDate "2013.11.20"]
[SourceQuality "1"]

1. e4 e6 2. d4 d5 3. Nc3 Nf6 4. exd5 exd5 5. Bd3 Be7 6. h3 0-0 7. Nf3 Re8 8. 0-0 Nbd7 9. Bf4 Nf8 10. Ne5 Ne6 11. Be3 c5 12. Ne2 Qb6 13. b3 g6 14. c3 Ng7 15. Ng3 h5 16. Nf3 Bd6 17. dxc5 Bxc5 18. Bxc5 Qxc5 19. Qc2 Bd7 20. Rac1 Rac8 21. Rfd1 b5 22. Qb2 Qb6 23. Nd4 Ne4 24. Nxe4 dxe4 25. Bf1 Rc5 26. c4 Rg5 27. Nxb5 Bxb5 28. cxb5 Nf5 29. Rc6 Qb8 30. Qf6 Qf4 31. Rd8 1-0

[Event "Gibraltar Challengers-A 11th"]
[Site "Caleta"]
[Date "2013.01.22"]
[Round "2"]
[White "Brown, David"]
[Black "Ungureanu, Sandu"]
[Result "0-1"]
[WhiteElo "1967"]
[BlackElo "2019"]
[PlyCount "62"]
[EventDate "2013.01.21"]
[EventType "swiss"]
[EventRounds "5"]
[EventCountry "GGB"]
[SourceTitle "EXT 2014"]
[Source "ChessBase"]
[SourceDate "2013.11.20"]
[SourceVersion "1"]
[SourceVersionDate "2013.11.20"]
[SourceQuality "1"]

1. e4 g6 2. d4 Bg7 3. Nf3 d6 4. Be2 Nc6 5. c3 e5 6. dxe5 dxe5 7. Qxd8+ Nxd8 8. Be3 Nc6 9. Na3 a6 10. Nd2 Be6 11. f3 0-0-0 12. Nb3 f5 13. Nc5 Bf7 14. Bc4 Bxc4 15. Nxc4 Bh6 16. Ke2 Bxe3 17. Nxe3 f4 18. Nc4 Nf6 19. a4 Nd7 20. Nd3 Rhe8 21. b4 Re6 22. b5 Ncb8 23. Ra2 h5 24. Rb1 g5 25. Rab2 b6 26. bxa6 Nxa6 27. a5 bxa5 28. Nxa5 Nb6 29. Ra2 g4 30. Rb5 gxf3+ 31. Kxf3 Rxd3+ 0-1

[Event "BCF-chT3 1112 (4NCL)"]
[Site "England"]
[Date "2012.05.06"]
[Round "10.218"]
[White "Dias, Theodore"]
[Black "Brown, David"]
[Result "0-1"]
[WhiteElo "1789"]
[BlackElo "1959"]
[PlyCount "72"]
[EventDate "2011.11.12"]
[EventType "team-swiss"]
[EventRounds "11"]
[EventCountry "ENG"]
[SourceTitle "EXT 2013"]
[Source "ChessBase"]
[SourceDate "2012.11.22"]
[SourceVersion "1"]
[SourceVersionDate "2012.11.22"]
[SourceQuality "1"]
[WhiteTeam "e2e4.org.uk V"]
[BlackTeam "Anglian Avengers III"]
[WhiteTeamCountry "ENG"]
[BlackTeamCountry "ENG"]

1. e4 e5 2. Nf3 Nc6 3. d4 exd4 4. Nxd4 Nf6 5. Nxc6 bxc6 6. e5 Qe7 7. Qe2 Nd5 8. c4 Nb6 9. b3 f6 10. exf6 Qxe2+ 11. Bxe2 gxf6 12. Bb2 Bb4+ 13. Nd2 0-0 14. 0-0-0 d5 15. a3 Bd6 16. Bf3 Bf5 17. Rhe1 Rab8 18. b4 Nxc4 19. Nxc4 dxc4 20. Rxd6 cxd6 21. Bxc6 Kg7 22. g4 c3 23. Bxc3 Rbc8 24. b5 Bd7 25. g5 Bxc6 26. Bxf6+ Kg6 27. bxc6 Rxc6+ 28. Kd2 Rf7 29. h4 Rd7 30. Kd3 Ra6 31. Re6 Kf5 32. Re2 Rxa3+ 33. Kc4 Ra5 34. Kb4 Rc5 35. Be7 Rb7+ 36. Ka4 Re5 0-1

[Event "BCF-chT3S 1112 (4NCL)"]
[Site "England"]
[Date "2012.01.15"]
[Round "4.3"]
[White "Brown, David"]
[Black "Nwachukwu, Chino"]
[Result "1/2-1/2"]
[WhiteElo "1964"]
[BlackElo "1926"]
[PlyCount "45"]
[EventDate "2011.11.12"]
[EventType "team-swiss"]
[EventRounds "6"]
[EventCountry "ENG"]
[SourceTitle "EXT 2013"]
[Source "ChessBase"]
[SourceDate "2012.11.22"]
[SourceVersion "1"]
[SourceVersionDate "2012.11.22"]
[SourceQuality "1"]
[WhiteTeam "Anglian Avengers III"]
[BlackTeam "e2e4.org.uk IV"]
[WhiteTeamCountry "ENG"]
[BlackTeamCountry "ENG"]

1. e4 c5 2. Nf3 d6 3. d4 cxd4 4. Nxd4 Nf6 5. Nc3 a6 6. Be2 e5 7. Nb3 Be6 8. 0-0 Be7 9. f4 exf4 10. Bxf4 Nc6 11. Kh1 0-0 12. Qe1 Qc7 13. Qg3 Ne5 14. Nd4 Rac8 15. Bg5 Qb6 16. Nf5 Bxf5 17. Bxf6 Bxf6 18. Nd5 Qxb2 19. Nxf6+ Kh8 20. exf5 gxf6 21. Qh4 Kg7 22. Qg3+ Kh8 23. Qh4 1/2-1/2

[Event "Gibraltar Masters 9th"]
[Site "Caleta"]
[Date "2011.02.01"]
[Round "8"]
[White "Brown, David"]
[Black "Hamer, Martyn"]
[Result "1-0"]
[WhiteElo "1923"]
[BlackElo "2041"]
[PlyCount "55"]
[EventDate "2011.01.25"]
[EventType "swiss"]
[EventRounds "10"]
[EventCountry "GGB"]
[SourceTitle "CBM 141"]
[Source "ChessBase"]
[SourceDate "2011.03.17"]
[SourceVersion "1"]
[SourceVersionDate "2011.03.17"]
[SourceQuality "1"]

1. e4 g5 2. d4 h6 3. Bd3 d6 4. Ne2 Nf6 5. Ng3 c5 6. dxc5 Qa5+ 7. Nd2 Qxc5 8. Nb3 Qc7 9. Nd4 Nc6 10. Nxc6 bxc6 11. 0-0 Bg7 12. Nh5 Nxh5 13. Qxh5 Be6 14. c3 Be5 15. h3 Kd7 16. Be2 Raf8 17. Kh1 f5 18. exf5 Bxf5 19. f4 Bf6 20. Bg4 e6 21. Bxf5 exf5 22. Qg6 Be7 23. Re1 Qd8 24. Qe6+ Ke8 25. fxg5 hxg5 26. Bxg5 Rf7 27. Qg6 Kf8 28. Bxe7+ 1-0